| 000 | 00402nam a2200145Ia 4500 | ||
|---|---|---|---|
| 008 | 240624s9999 xx 000 0 und d | ||
| 041 | _aeng | ||
| 082 | _a658.5 OAK | ||
| 100 | _aOAKLAND JOHN S | ||
| 245 | _aSTATISTICAL PROCESS CONTROL A PRACTICAL | ||
| 250 | _a(2nd ed.) | ||
| 260 |
_c2003 _aNew Delhi _bAffiliated East-West Press Pvt Ltd |
||
| 300 | _axiii, , 431 , 21 , p. : cm. | ||
| 365 |
_cRS _b20 |
||
| 999 |
_c12659 _d12659 |
||